=LDR 00000nam 2200000 4500 =001 INLIS000000000034163 =005 20130612140058 =008 ***********************************ind** =035 ##$$a0010-061300000034163 =041 ##$$a ind =082 ##$$a 401.3 =090 ##$$a 401.3, Bor b =100 ##$$a Borg, James =245 ##$$a Buku pintar memhami bahasa tubuh/James Borg; Alih bahsa, Abdul Hamid; editor, Dion =260 ##$$a 2009 $b Yogyakarta =300 ##$$a 429 hlm., Ilus., 20 cm =650 ##$$a Psikolinguistik =700 ##$$a Hamid, Abdul =850 ##$$a NBPNMAT =990 ##$$a 21400613/BPAP-NTB/20142014